Movilidad laboral y género. Apuntes sobre el fenómeno en la zona metropolitana de Monterrey

El artículo se aboca a constatar algunos efectos de la reestructuración económica en el devenir laboral de los profesionistas que trabajan en la zona metropolitana de Monterrey (México). SeRealiza un análisis a partir de 2 grupos de trabajadores: los de baja escolaridad y los de alta escolaridad. A...

Πλήρης περιγραφή

Αποθηκεύτηκε σε:
Λεπτομέρειες βιβλιογραφικής εγγραφής
Μορφή: Κείμενο
Θέματα:
Ετικέτες: Προσθήκη ετικέτας
Δεν υπάρχουν, Καταχωρήστε ετικέτα πρώτοι!

MARC

LEADER 00000 a a2200000 04500
001 18737
003
040
245 |a Movilidad laboral y género. Apuntes sobre el fenómeno en la zona metropolitana de Monterrey  
520 |a El artículo se aboca a constatar algunos efectos de la reestructuración económica en el devenir laboral de los profesionistas que trabajan en la zona metropolitana de Monterrey (México). SeRealiza un análisis a partir de 2 grupos de trabajadores: los de baja escolaridad y los de alta escolaridad. A partir de esto se desarrolla un examen del empleo desde las diferencias ocupacionales entre mujeres y hombres, pasando por varios niveles de análisis, hasta los cambios jerárquicos ocupacionales entre empleos asalariados y trabajadores por cuenta propia  
650 |a MOVILIDAD PROFESIONAL  
650 |a ANALISIS DE GENERO  
650 |a CAMBIO ECONOMICO  
650 |a CAMBIO SOCIAL  
650 |a MEXICO  
773 |g volumen 16, número 6; páginas 81-98  
999 |c 31911  |d 31911